000 00403nam a2200133Ia 4500
005 20210429153918.0
008 210429s9999 xx 000 0 und d
082 _aCHM-MS ME/AQ
100 _aZahid Mehmood
_954731
245 _aInfluence of Primary Charge Load Pressure on Function Time And Sensitivity of a Hot Wire Detonator
260 _aISLAMABAD
_bSCME
_c2008
300 _a40P
942 _2ddc
_cREF
999 _c561155
_d561155